1137 1273 1679 1929 1091 1642 1699 1190 1582 1004 1071 1185 1399 1559 1859 1801 1744 1245 1897 1098 1057 1955 1238 1622 1976 1642 1723 1531 1487 1834 1975 1342 1709 1140 1761 1593 1979 1575 1692 1037 1823 1714 1508 1668 1334 1342 1137 1026 1271 1452 1405 1850 1593 1601 1621 1952 1318 1990 1911 1823 1159 1553 1848 1142 1747 1150 1639 1536 1425 1516 1775 1491 1133 1921 1137 1288 1907 1593 1420 1874 1330 1319 1024 1201 1992 1497 1185 1860 1467 1362 1522 1903 1490 1183 1231 1078 1081 1531 1253 BCNSPRNW ULIB Ver.6.0+V

เปลี่ยนเป็นภาษาไทย

Change to English
 แสดงรายละเอียดบรรณานุกรม
  กลับหน้าหลัก

Brief Record : Get Marc (ISO 2709) : E-mail record : QR code < ปิดหน้าต่าง
LEADER : 00000nam 2200000uu 4500
001    13399111300
003     ULIB
008    110622s||||||||th 000 0 tha d
020    9789740204916
050  4 BF724^bน275ข 2553
100 0  นฤภัค ฤธาทิพย์
245 10 เข้าใจวัยซ่า รู้ปัญหาวัยรุ่น/^cนฤภัค ฤธาทิพย์
250    พิมพ์ครั้งที่ 1
260    กรุงเทพฯ :^bมติชน,^c2553
300    151 หน้า
650  7 วัยรุ่น
650  7 ปัญหาวัยรุ่น
650  7 จิตวิทยา
945    ^p120^l0^i028456
995    ทศพร
999 ^a ใช้งานได้ทุกระบบ
รายการนี้ยังไม่มีแท็ก
คุณยังไม่ได้ล็อกอิน คุณสามารถมีกิจกรรมร่วมกับเว็บไซต์ได้ แต่ต้องล็อกอินก่อน ::
  ล็อกอิน

รายการสื่อสารสนเทศ

ลำดับที่ ประเภท เลขเรียก/บาร์โค้ด สถานที่ สถานะ
- ไม่พบข้อมูล -

รายการใกล้เคียง
    หัวเรื่อง [วัยรุ่น]
    หัวเรื่อง [จิตวิทยา]

BibComment


ยังไม่เคยถูกคอมเมนท์

คอมเมนท์ทรัพยากรรายการนี้
  คอมเมนท์: เข้าใจวัยซ่า รู้ป..


 Copyright 2026. Bcnsprnw @Library